Compendio de la Suma teológica de Santo Tomás de Aquino

Saved in:
Bibliografiske detaljer
Hovedforfatter: Sineux, Raphael (Author)
Format: Bog
Sprog:spansk
Udgivet: Ciudad de México Tradición 1976
Fag:
Tags: Tilføj Tag
Ingen Tags, Vær først til at tagge denne postø!

MARC

LEADER 00000nam a2200000 a 4500
001 UCM4821
003 CL-VaPUC
008 020906e19760000MX |||||||||||||||||spa|d
082 0 4 |a 189.4  |b SIN  |2 21 
100 0 |a Sineux, Raphael  |e author  |9 471237 
245 1 0 |a Compendio de la Suma teológica de Santo Tomás de Aquino 
300 |a 3 v 
942 |c BK 
945 |d 20020906 00:00:00  |a cmena 
260 |a Ciudad de México  |b Tradición  |c 1976 
500 |a v.1: Primera parte y segunda parte, primera sección 
500 |a v.2: Segunda parte, segunda sección 
500 |a v.3: tercera parte 
600 0 |a Tomás de Aquino  |d 1220-1274  |c Santo  |9 255832 
650 0 |a Escolasticismo  |9 264998 
650 0 |a Filosofía cristiana   |9 265980 
650 0 |a Teología   |9 258766 
583 |a last modification  |c 20020906 00:00:00  |k Rodrigo Vera 
999 |c 301284  |d 301282 
952 |0 0  |1 0  |4 0  |6 189_400000000000000_SIN_1976  |7 0  |8 P  |9 360105  |a BIBEDU  |b BIBEDU  |c BIBEDU_PB  |d 2019-11-21  |h v.1  |i 3834662  |o 189.4 SIN 1976  |p 3834662  |r 2024-01-25  |w 2019-11-21  |y BK  |k FIL 
952 |0 0  |1 0  |4 0  |6 189_400000000000000_SIN_1976  |7 0  |8 P  |9 360106  |a BIBEDU  |b BIBEDU  |c BIBEDU_PB  |d 2019-11-21  |h v.2  |i 3834670  |o 189.4 SIN 1976  |p 3834670  |r 2024-01-25  |w 2019-11-21  |y BK  |k FIL 
952 |0 0  |1 0  |4 0  |6 189_400000000000000_SIN_1976  |7 0  |8 P  |9 360107  |a BIBEDU  |b BIBEDU  |c BIBEDU_PB  |d 2019-11-21  |h v.3  |i 3834689  |o 189.4 SIN 1976  |p 3834689  |r 2024-01-25  |w 2019-11-21  |y BK  |k FIL